<?xml version="1.0" encoding="UTF-8"?>
<collection xmlns="http://www.loc.gov/MARC21/slim">
    <record>
        <controlfield tag="001">79765</controlfield>
        <controlfield tag="005">20200716101508.0</controlfield>
        <datafield tag="024" ind1="7" ind2=" ">
            <subfield code="2">doi</subfield>
            <subfield code="a">10.4067/S0718-221X2019005000402</subfield>
        </datafield>
        <datafield tag="024" ind1="8" ind2=" ">
            <subfield code="2">sideral</subfield>
            <subfield code="a">112601</subfield>
        </datafield>
        <datafield tag="037" ind1=" " ind2=" ">
            <subfield code="a">ART-2019-112601</subfield>
        </datafield>
        <datafield tag="041" ind1=" " ind2=" ">
            <subfield code="a">eng</subfield>
        </datafield>
        <datafield tag="100" ind1=" " ind2=" ">
            <subfield code="a">Carrión Prieto, Paula</subfield>
        </datafield>
        <datafield tag="245" ind1=" " ind2=" ">
            <subfield code="a">Crystallinity of cellulose microfibers derived from Cistus ladanifer and Erica arborea shrubs</subfield>
        </datafield>
        <datafield tag="260" ind1=" " ind2=" ">
            <subfield code="c">2019</subfield>
        </datafield>
        <datafield tag="506" ind1="0" ind2=" ">
            <subfield code="a">Access copy available to the general public</subfield>
            <subfield code="f">Unrestricted</subfield>
        </datafield>
        <datafield tag="520" ind1="3" ind2=" ">
            <subfield code="a">The effectiveness of the use of cellulose fibers as particulates/composite reinforcers involves the assessment of the crystallinity of such fibers. The aim of the present work is to provide information on the degree of crystallinity of the cellulose microfibers obtained from the stems of Cistus ladanifer and Erica arborea shrubs through two different methods, namely an alkaline treatment and a microwave-assisted deep eutectic solvent (DES) method. The crystallinity indexes (CrI) obtained from X-ray powder diffraction patterns indicated that higher CrI were attained for cellulose obtained from the DES treatment. Complementary information on the degree of crystallinity was also retrieved from attenuated total reflection- Fourier transform infrared spectroscopy (ATR-FTIR) vibrational spectra, scanning electron microscopy (SEM) micrographs, and accessibility data for the DES-treated celluloses from the two species. The crystallinity results for the fibers derived from these two Mediterranean shrubs were within the range of the results for those derived from wood pulp, opening the door to their valorization for cellulose-derived packing applications or for their use as reinforcers in composite materials in combination with other biopolymers.</subfield>
        </datafield>
        <datafield tag="540" ind1=" " ind2=" ">
            <subfield code="9">info:eu-repo/semantics/openAccess</subfield>
            <subfield code="a">by-nc</subfield>
            <subfield code="u">http://creativecommons.org/licenses/by-nc/3.0/es/</subfield>
        </datafield>
        <datafield tag="590" ind1=" " ind2=" ">
            <subfield code="a">1.257</subfield>
            <subfield code="b">2019</subfield>
        </datafield>
        <datafield tag="591" ind1=" " ind2=" ">
            <subfield code="a">MATERIALS SCIENCE, PAPER &amp; WOOD</subfield>
            <subfield code="b">9 / 21 = 0.429</subfield>
            <subfield code="c">2019</subfield>
            <subfield code="d">Q2</subfield>
            <subfield code="e">T2</subfield>
        </datafield>
        <datafield tag="592" ind1=" " ind2=" ">
            <subfield code="a">0.593</subfield>
            <subfield code="b">2019</subfield>
        </datafield>
        <datafield tag="593" ind1=" " ind2=" ">
            <subfield code="a">Forestry</subfield>
            <subfield code="c">2019</subfield>
            <subfield code="d">Q1</subfield>
        </datafield>
        <datafield tag="593" ind1=" " ind2=" ">
            <subfield code="a">Industrial and Manufacturing Engineering</subfield>
            <subfield code="c">2019</subfield>
            <subfield code="d">Q1</subfield>
        </datafield>
        <datafield tag="593" ind1=" " ind2=" ">
            <subfield code="a">Materials Science (miscellaneous)</subfield>
            <subfield code="c">2019</subfield>
            <subfield code="d">Q2</subfield>
        </datafield>
        <datafield tag="593" ind1=" " ind2=" ">
            <subfield code="a">Chemical Engineering (miscellaneous)</subfield>
            <subfield code="c">2019</subfield>
            <subfield code="d">Q2</subfield>
        </datafield>
        <datafield tag="655" ind1=" " ind2="4">
            <subfield code="a">info:eu-repo/semantics/article</subfield>
            <subfield code="v">info:eu-repo/semantics/acceptedVersion</subfield>
        </datafield>
        <datafield tag="700" ind1=" " ind2=" ">
            <subfield code="0">(orcid)0000-0003-2713-2786</subfield>
            <subfield code="a">Martín Ramos, Pablo</subfield>
            <subfield code="u">Universidad de Zaragoza</subfield>
        </datafield>
        <datafield tag="700" ind1=" " ind2=" ">
            <subfield code="a">Hernández Navarro, Salvador</subfield>
        </datafield>
        <datafield tag="700" ind1=" " ind2=" ">
            <subfield code="a">Sánchez Sastre, Luis F.</subfield>
        </datafield>
        <datafield tag="700" ind1=" " ind2=" ">
            <subfield code="a">Marcos Robles, José L.</subfield>
        </datafield>
        <datafield tag="700" ind1=" " ind2=" ">
            <subfield code="a">Martín Gil, Jesús</subfield>
        </datafield>
        <datafield tag="710" ind1="2" ind2=" ">
            <subfield code="1">5011</subfield>
            <subfield code="2">500</subfield>
            <subfield code="a">Universidad de Zaragoza</subfield>
            <subfield code="b">Dpto. CC.Agrar.y Medio Natural</subfield>
            <subfield code="c">Area Ingeniería Agroforestal</subfield>
        </datafield>
        <datafield tag="773" ind1=" " ind2=" ">
            <subfield code="g">21, 4 (2019), 447-456</subfield>
            <subfield code="p">Maderas-Ciencia y Tecnologia</subfield>
            <subfield code="t">Maderas-Ciencia y Tecnologia</subfield>
            <subfield code="x">0717-3644</subfield>
        </datafield>
        <datafield tag="856" ind1="4" ind2=" ">
            <subfield code="s">1175471</subfield>
            <subfield code="u">http://zaguan.unizar.es/record/79765/files/texto_completo.pdf</subfield>
            <subfield code="y">Postprint</subfield>
        </datafield>
        <datafield tag="856" ind1="4" ind2=" ">
            <subfield code="s">92003</subfield>
            <subfield code="u">http://zaguan.unizar.es/record/79765/files/texto_completo.jpg?subformat=icon</subfield>
            <subfield code="x">icon</subfield>
            <subfield code="y">Postprint</subfield>
        </datafield>
        <datafield tag="909" ind1="C" ind2="O">
            <subfield code="o">oai:zaguan.unizar.es:79765</subfield>
            <subfield code="p">articulos</subfield>
            <subfield code="p">driver</subfield>
        </datafield>
        <datafield tag="951" ind1=" " ind2=" ">
            <subfield code="a">2020-07-16-09:17:03</subfield>
        </datafield>
        <datafield tag="980" ind1=" " ind2=" ">
            <subfield code="a">ARTICLE</subfield>
        </datafield>
    </record>

    
</collection>